000 01181nam a2200253 i 4500
001 bg
245 0 0 _aSymulacja systemów społeczno-gospodarczych /
_cpod red. nauk. Alicji Balcerak i Witolda Kwaśnickiego.
260 _aWrocław :
_bOficyna Wydawnicza Politechniki Wrocławskiej,
_c2005.
300 _a280 s. :
_bil. ;
_c24 cm.
490 1 _aPrace Naukowe Instytutu Organizacji i Zarządzania Politechniki Wrocławskiej. Studia i Materiały =
_aScientific Papers of the Institute of Industrial Engineering and Management of the Wrocław University of Technology. Studies and Research,
_x0324-9468 ;
_vno. 19
500 _aNr serii gł.: 77. Tyt. równol.: Simulation of social-economic systems.
504 _aBibliogr. przy pracach.
650 9 _aGry kierownicze
650 9 _aSymulacja
_xstosowanie
_xgospodarka
700 1 _aBALCERAK, Alicja.
_eRed.
700 1 _aKWAŚNICKI, Witold.
_eRed.
830 0 _aPrace Naukowe Instytutu Organizacji i Zarządzania Politechniki Wrocławskiej. Studia i Materiały ;
_vno. 19
015 _aPB 15731/2006
040 _cBPK
041 0 _apol
080 _a65.012:004.94
942 _cKS
008 s pl f |000 0 pol
999 _c52678
_d52678
856 _uhttp://koha.tu.koszalin.pl/cgi-bin/koha/opac-detail.pl?biblionumber=52678
_yKatalog online BPK